| 000 | 01146nam a2200253Ia 4500 | ||
|---|---|---|---|
| 999 |
_c54649 _d54649 |
||
| 001 | 21716 | ||
| 003 | GE_BSU | ||
| 005 | 20211220163344.0 | ||
| 008 | 181216s ||||ge |||||||||||||| ||geo|| | ||
| 040 | _cGE_BSU | ||
| 041 | _ageo | ||
| 080 | _a81'1(075.8) ჩ-69 | ||
| 100 |
_aჩიქობავა, არნოლდ _91234 |
||
| 245 |
_aზოგადი ენათმეცნიერება 1 : _bპროპედევტიკური ნაწილი / _cარნოლდ ჩიქობავა ; რედ. ბ. ბუაჩიძე. |
||
| 264 |
_aთბილისი : _bსახელმწ. უნ-ტის გამ-ბა, _c1935. |
||
| 300 |
_a198 გვ. ; _c23 სმ. |
||
| 501 | _aდანართი "პირთა სახელების საძიებელი" | ||
| 541 | _h7 ლ. | ||
| 653 | _aზოგადი ენათმეცნიერება | ||
| 653 | _aპროპედევტიკური ნაწილი | ||
| 653 | _aქართული ენა | ||
| 700 |
_aბუაჩიძე, ბ. _eრედაქტორი _913316 |
||
| 942 |
_cBK _2udc |
||